| 000 | 00426nam a22001697a 4500 | ||
|---|---|---|---|
| 003 | NUST - PNEC | ||
| 005 | 20170116181126.0 | ||
| 008 | 151005b xxu||||| |||| 00| 0 eng d | ||
| 020 | _a- | ||
| 040 | _cLIBRARY | ||
| 082 | _a793.73 AWA | ||
| 100 |
_913717 _aAwan, Muhammad Nadeem |
||
| 245 |
_aMaloomat e Quaid e Azam _cMuhammad Nadeem Awan |
||
| 260 | _c- | ||
| 650 |
_xGeneral _91765 _aUrdu Literature |
||
| 942 |
_2ddc _cBK |
||
| 999 |
_c69776 _d69776 |
||